[Event "Rutas de Cuenca op 6th"]
[Site "Cuenca"]
[Date "2019.07.20"]
[Round "5"]
[White "Bravo De la Vega, Alvaro"]
[Black "Real Real, Hipolito"]
[Result "1-0"]
[WhiteElo "1583"]
[BlackElo "1750"]
[PlyCount "81"]
[EventDate "2019.07.19"]
[EventType "swiss"]
[EventRounds "7"]
[EventCountry "ESP"]
[SourceTitle "CBM 195 Extra"]
[Source "ChessBase"]
[SourceDate "2020.05.31"]
[SourceVersion "1"]
[SourceVersionDate "2020.05.31"]
[SourceQuality "1"]

1. d4 d5 2. Bf4 c5 3. c3 Nc6 4. e3 Nf6 5. h3 a6 6. Nf3 Bf5 7. Nh4 Be4 8. Nd2 e6 9. Nhf3 Be7 10. Nxe4 Nxe4 11. Bd3 Nf6 12. 0-0 0-0 13. a4 Rc8 14. Qe2 h6 15. Rfd1 Bd6 16. Bxd6 Qxd6 17. Rac1 c4 18. Bc2 Rfe8 19. e4 dxe4 20. Bxe4 Qf4 21. Bxc6 Rxc6 22. Ne5 Rc7 23. Nxc4 Ne4 24. Ne3 f5 25. Qf3 Qh4 26. d5 Ng5 27. Qg3 Qxg3 28. fxg3 Ne4 29. g4 f4 30. Nc2 e5 31. Re1 Ng3 32. Nd4 e4 33. Ne6 Rd7 34. Nxf4 e3 35. Kh2 Re4 36. Kxg3 g5 37. Nh5 Rf7 38. d6 Re6 39. Rcd1 Rd7 40. Rd3 e2 41. Rd2 1-0

[Event "La Mancha-ch"]
[Site "Valverde de Jucar"]
[Date "2017.07.08"]
[Round "5.9"]
[White "Real Real, Hipolito"]
[Black "Galindo Montoya, Diego"]
[Result "1-0"]
[WhiteElo "1832"]
[BlackElo "1919"]
[PlyCount "35"]
[EventDate "2017.07.06"]
[EventType "swiss"]
[EventRounds "6"]
[EventCountry "ESP"]
[SourceTitle "EXT 2024"]
[Source "ChessBase"]
[SourceDate "2023.10.10"]
[SourceVersion "1"]
[SourceVersionDate "2023.10.10"]
[SourceQuality "1"]

1. e4 e5 2. Nf3 Nc6 3. Bb5 f5 4. Bxc6 dxc6 5. 0-0 fxe4 6. Nxe5 Nf6 7. d4 exd3 8. Nxd3 Be7 9. Qe2 0-0 10. Nc3 Re8 11. Bf4 Bg4 12. Qe3 Bd6 13. Qg3 Qd7 14. Ne5 Qf5 15. Nxg4 Nh5 16. Nh6+ Kh8 17. Nxf5 Nxg3 18. Bxg3 1-0